000 00532nam a2200193Ia 4500
003 OSt
005 20230615161725.0
008 210423s1995 xx 000 0 und d
040 _cAL
041 _aeng
082 _a362.7 CHOC
100 _aCHOWDHARY (Paul D)
_9117820
245 _aChild welfare development page 1-221
260 _aDelhi
_bAtma ram and sons
_c1995
300 _a221
_bHB
650 _aSocial Welfare Problems & Services
_9117821
906 _a1-193 ; Child ; development ; page ; welfare
942 _2ddc
_cBK
999 _c176413
_d176413